Countries that have beaten England at the World Cup - Statistics

General Stats
  • This quiz has been taken 70 times
  • The average score is 17 of 20
Answer Stats
Year Team % Correct
1962 Brazil
98%
1970 Brazil
98%
2002 Brazil
98%
2022 France
98%
1986 Argentina
95%
2010 Germany
95%
1970 West Germany
95%
1990 Italy
92%
2014 Italy
92%
2018 Belgium
91%
2018 Belgium
91%
1950 Spain
89%
1950 United States
83%
1954 Uruguay
83%
2014 Uruguay
83%
2018 Croatia
82%
1986 Portugal
76%
1962 Hungary
61%
1958 Soviet Union
58%
1998 Romania
53%
No matching quizzes found
Score Distribution
Percent of People with Each Score
Percentile by Number Answered
Your Score History
You have not taken this quiz